| 000 | 01020nam a22002297a 4500 | ||
|---|---|---|---|
| 003 | EG-ScBUE | ||
| 005 | 20221120071527.0 | ||
| 008 | 100623s2005 ua f 000 0 ara d | ||
| 017 | _a2005 / 13502 | ||
| 040 |
_aEG-ScBUE _bara _erda _cEG-ScBUE _dEG-ScBUE |
||
| 082 | 0 | 4 |
_222 _a658.409 _bهـ و ا |
| 100 | 1 |
_915105 _aهواري، سيد، _eمؤلف. |
|
| 245 | 1 | 2 |
_aالقادة صناع التغيير : _bالرؤى و الذكاء الوجداني وتحويل المشاعر السلبية / _cالدكتور سيد الهواري، أستاذ إدارة الأعمال، كلية التجارة، جامعة عين شمس (غير متفرغ). |
| 264 | 1 |
_a[القاهرة] : _bسيد الهواري، _c2005. |
|
| 300 |
_a88 صفحة ؛ _c24 سم. |
||
| 490 | 0 | _aتحويل الأحلام الكبيرة إلى نتائج | |
| 650 | 7 |
_915143 _aالقيادة الإدارية. _2BUEsh |
|
| 650 | 7 |
_915150 _aالكفاءة الإدارية. _2BUEsh |
|
| 653 | _bBUSADM | ||
| 655 | _vReading book | ||
| 942 |
_2ddc _cBB |
||
| 999 |
_c14194 _d14194 |
||